La casa de los espíritus /

Guardado en:
Autor Principal: Allende, Isabel
Formato: Libro
Publicado: Buenos Aires : Sudamericana, 1985
Materias:
Etiquetas: Agregar Etiqueta
Sin Etiquetas, Sea el primero en etiquetar este registro!
LEADER 00541nam a22001935a 4500
001 CEM.cems008771
005 20060214000000.0
008 130507s1985##################000#0#####d
003 CEMS
082 0 4 |a Ch863.4 
100 1 |a Allende, Isabel 
245 1 0 |a La casa de los espíritus / 
260 |a Buenos Aires :  |b Sudamericana,  |c 1985 
300 |a 457 p. 
653 |a Literatura 
653 |a Literatura hispanoamericana 
653 |a Novela chilena-siglo 20 
653 |a Novelas 
859 |a CEMS  |b BIB. CEMS - 11 de abril  |h Ch863.4  |i AL53-1  |p 18160.95  |t Ej.1